Flat broke / (Record no. 2680)

MARC details
000 -LEADER
fixed length control field 01419cam a2200397 a 4500
005 - DATE AND TIME OF LATEST TRANSACTION
control field 20240109150039.0
020 ## - INTERNATIONAL STANDARD BOOK NUMBER
International Standard Book Number 9780385740029 (trade)
020 ## - INTERNATIONAL STANDARD BOOK NUMBER
International Standard Book Number 9780385908184 (lib. bdg.)
020 ## - INTERNATIONAL STANDARD BOOK NUMBER
International Standard Book Number 9780375898693 (ebook)
020 ## - INTERNATIONAL STANDARD BOOK NUMBER
International Standard Book Number 9780375866128 (pbk)
020 ## - INTERNATIONAL STANDARD BOOK NUMBER
International Standard Book Number 9780545558280
040 ## - CATALOGING SOURCE
Original cataloging agency DLC
Transcribing agency DLC
Modifying agency DLC
Language of cataloging eng
050 00 - LIBRARY OF CONGRESS CALL NUMBER
Classification number PZ7.P2843
Item number Fl 2011
082 00 - DEWEY DECIMAL CLASSIFICATION NUMBER
Classification number 318
Edition number 22
100 1# - MAIN ENTRY--PERSONAL NAME
Personal name Paulsen, Gary
245 10 - TITLE STATEMENT
Title Flat broke /
Statement of responsibility, etc. The companion to Liar, Liar ; Gary Paulsen
250 ## - EDITION STATEMENT
Edition statement First Scholastic printing, February 2013
260 ## - PUBLICATION, DISTRIBUTION, ETC.
Place of publication, distribution, etc. New York :
Name of publisher, distributor, etc. Scholastic,
Date of publication, distribution, etc. 2011
300 ## - PHYSICAL DESCRIPTION
Extent 118 pages ;
Dimensions 20 cm
490 ## - SERIES STATEMENT
Materials specified Liar, Liar ;
Series statement Book 2
500 ## - GENERAL NOTE
General note Sequel to: Liar, liar.
500 ## - GENERAL NOTE
General note Companion book to: Vote, Crush, Family ties, and Liar, liar.
505 ## - FORMATTED CONTENTS NOTE
Formatted contents note P
520 ## - SUMMARY, ETC.
Summary, etc. Fourteen-year-old Kevin is a hard worker, so when his income is cut off he begins a series of businesses, from poker games to selling snacks, earning money to take a girl to a dance, but his partners soon tire of his methods.
521 ## - TARGET AUDIENCE NOTE
Target audience note 810
Source Lexile
521 ## - TARGET AUDIENCE NOTE
Target audience note P
Source Raz-Plus
650 #1 - SUBJECT ADDED ENTRY--TOPICAL TERM
Topical term or geographic name entry element Moneymaking projects
Form subdivision Fiction.
650 #1 - SUBJECT ADDED ENTRY--TOPICAL TERM
Topical term or geographic name entry element Business enterprises
Form subdivision Fiction.
650 #1 - SUBJECT ADDED ENTRY--TOPICAL TERM
Topical term or geographic name entry element Conduct of life
Form subdivision Fiction.
650 #1 - SUBJECT ADDED ENTRY--TOPICAL TERM
Topical term or geographic name entry element Friendship
Form subdivision Fiction.
650 #1 - SUBJECT ADDED ENTRY--TOPICAL TERM
Topical term or geographic name entry element Family life
Form subdivision Fiction.
650 #1 - SUBJECT ADDED ENTRY--TOPICAL TERM
Topical term or geographic name entry element Humorous stories.
906 ## - LOCAL DATA ELEMENT F, LDF (RLIN)
a 7
b cbc
c orignew
d 1
e ecip
f 20
g y-gencatlg
942 ## - ADDED ENTRY ELEMENTS (KOHA)
Source of classification or shelving scheme Dewey Decimal Classification
Koha item type Books
Suppress in OPAC No
999 ## -
-- 2680
-- 2680
Holdings
Withdrawn status Lost status Source of classification or shelving scheme Damaged status Not for loan Collection Home library Current library Shelving location Date acquired Total Checkouts Full call number Barcode Date last seen Copy number Price effective from Koha item type
    Dewey Decimal Classification     Juvenile Fiction Footprints International School Library Network Toul Kork Campus Footprints International School Library Network Toul Kork Campus TTP Secondary Fiction Bookshelves 01/09/2024   PAU 318 PZ7.P2843 FISSE01232 01/09/2024 1 01/09/2024 Books
    Dewey Decimal Classification     Juvenile Fiction Footprints International School Library Network Toul Kork Campus Footprints International School Library Network Toul Kork Campus TTP Secondary Fiction Bookshelves 01/10/2024   PAU 318 PZ7.P2843 FISSE01103 01/10/2024 2 01/09/2024 Books